000 00638nam a2200181 i 4500
001 118429
003 ES-MaACL
005 20230906191109.0
007 t|
008 070214s1910 sp r ||||1| spa d
100 1 _aPérez de Acevedo, José.
_990752
245 1 3 _aEl analfabetismo en Menorca
_b: discurso pronunciado en el Ateneo de Mahón el día 17 de octubre de 1910 /
_cpor José Pérez de Acevedo.
260 _aMahón :
_b[s.n.],
_c1910.
300 _a22 p. ;
_c21 cm.
650 4 _aAnalfabetismo-
_xMenorca.
_9157383
710 2 _aAteneo Científico, Literario y Artístico de Mahón.
_9141489
852 _aES-MaACL
_jT-1219-F-7
999 _c118429
_d118429